CCNA Acronyms 15 - Statistics

General Stats
  • This quiz has been taken 5 times
  • The average score is 6 of 30
Answer Stats
Hint Answer % Correct
SSH Secure Shell
100%
SMTP Simple Mail Transfer Protocol
80%
SOHO Small office, home office
80%
SSL Secure Sockets Layer
60%
SSID Service Set Identifier
60%
SNMP Simple Network Management Protocol
60%
SDSL Symmetric DSL
60%
SLA Service level agreement
20%
SP Service provider
20%
SIP Session Initiation Protocol
20%
SOX Sarbanes-Oxley Act
0%
SRTP Secure Real-Time Transport Protocol
0%
SEC Securities and Exchange Commission
0%
SFS Server Fabric Switching
0%
SOA Service-oriented architecture
0%
SONA Service-Oriented Network Architecture
0%
SPA Shared Port Adapter
0%
SPF Shortest path first
0%
SS7 Signaling System 7
0%
SNR Signal-to-noise ratio
0%
SM Single-mode
0%
SFP Small Form Factor Pluggable
0%
SFTP SSH FTP
0%
STAC Stacker
0%
SSO Stateful Switchover
0%
SMI Structure of Management Information
0%
SNAP Subnetwork access protocol
0%
SRST Survivable Remote Site Telephony
0%
SMDS Switched Multimegabit Data Services
0%
SNA Systems Network Architecture
0%
No matching quizzes found
Score Distribution
Percent of People with Each Score
Percentile by Number Answered
Your Score History
You have not taken this quiz